Sobre La Derogación. Ensayo de dinámica jurídica.

Gorde:
Xehetasun bibliografikoak
Egile nagusia: Aguiló Regla, Josep (autor)
Formatua: Liburua
Argitaratua: México, D.F., México: Distribuciones Fontamara, S.A., 1995.
Edizioa:Primera edición
Saila:Biblioteca de Ética, Filosofía del Derecho y Política
Gaiak:
Etiketak: Etiketa erantsi
Etiketarik gabe, Izan zaitez lehena erregistro honi etiketa jartzen!

MARC

LEADER 00000nam a22000007a 4500
003 CL-VaPUC
005 20230614103338.0
008 230605t1995 ||||| |||| 00| 0 eng d
999 |c 441049  |d 441047 
020 |a 968-476-238- 
040 |c Pontificia Universidad Católica de Valparaíso 
082 0 4 |2 22  |a 340.1 AGU 1995 
100 1 |a Aguiló Regla, Josep  |9 478975  |e autor 
245 1 0 |a Sobre La Derogación.  |b Ensayo de dinámica jurídica. 
250 |a Primera edición 
260 |a México, D.F., México:  |b Distribuciones Fontamara, S.A.,  |c 1995. 
300 |a 106 páginas. 
490 0 |a Biblioteca de Ética, Filosofía del Derecho y Política  |n  41. 
500 |a c.1 Donación Profesor Jorge Precht Pizarro. Memo 015/2023 
583 |c 20230605  |k Catalogador Asistente 
650 1 |a Derogación de la ley  |z México   |9 882929 
650 1 |a Teoria del derecho  |x Derogación  |z México  |9 882931 
942 |2 ddc  |c BK 
952 |0 0  |1 0  |2 ddc  |4 0  |6 340_100000000000000_AGU_1995  |7 0  |8 A  |9 590379  |a BIBDER  |b BIBDER  |d 2023-06-05  |e Donación  |i 5657706  |o 340.1 AGU 1995  |p 5657706  |r 2023-06-05  |t 1  |w 2023-06-05  |y BK  |k DER